000
00310nam a2200133Ia 4500
005
20251222155202.0
008
251222s9999||||xx |||||||||||||| ||spa||
082
_a
LEN. 22
100
_a
SALESMAN E.
245
0
_a
Secretos para Triunfar en la Vida
250
_a
1ra. ed.
264
_b
Salesiana
942
_c
LIB
999
_c
39963
_d
39963